000 00670naa a2200205 4500
001 166498
003 ES-MaBCM
005 20241016190951.0
008 090212s2009 fra|r0p 0 ||fre d
021 _axx
035 _a(OCoLC)1365137947
040 _cES-MaBCM
100 1 _aMichel, Jérôme
_962387
245 0 0 _aCession de contrat et silence de la personne publique
_cJérôme Michel et Marianne Cessac
650 2 7 _aContratación administrativa
_958095
651 4 _aFrancia
_9115364
700 1 _aCessac, Marianne
_986718
773 0 _aEn:
_tAJDA. L'actualité juridique. Droit administratif
_dParis
_w104215
_gNº 20 (juin 2008), p. 1073-1076
942 _cAREV
999 _c166498
_d166498